| 000 | 00532nam a2200169Ia 4500 | ||
|---|---|---|---|
| 999 |
_c35327 _d35327 |
||
| 003 | OSt | ||
| 005 | 20201223095406.0 | ||
| 008 | 190216s9999||||xx |||||||||||||| ||und|| | ||
| 040 | _coclc | ||
| 082 |
_a297.1225 _bALI/T |
||
| 100 |
_aAli, Abdullah Yusuf _97782 |
||
| 245 | 4 |
_aThe Holy Qur`an : _bText, Translation And Commentary / _cAbdullah Yusuf Ali |
|
| 260 |
_bKhutub Khana Ishayat Ul Islam, _c1967. _aDelhi: |
||
| 300 | _a2091p | ||
| 650 | _aQur`An | ||
| 942 |
_cREF _2ddc _h297.1225 _iALI/T _k297.1225 _mALI/T |
||